1347 1050 1773 1492 1437 1952 1350 1916 1074 1225 1461 1247 1727 1443 1081 1156 1505 1110 1226 1300 1082 1769 1558 1879 1619 1762 1235 1075 1538 1418 1717 1048 1781 1500 1761 1671 1051 1276 1122 1242 1258 1821 1012 1455 1414 1170 1446 1352 1376 1233 1652 1982 1343 1313 1413 1207 1559 1165 1925 1121 1493 1469 1509 1167 1674 1023 1305 1029 1262 1113 1898 1347 1349 1027 1133 1612 1440 1567 1903 1835 1134 1902 1863 1087 1273 1801 1522 1629 1661 1144 1806 1421 1838 1195 1721 1316 1888 1294 1149 BCNSPRNW ULIB Ver.6.0+V

เปลี่ยนเป็นภาษาไทย

Change to English
 แสดงรายละเอียดบรรณานุกรม
  กลับหน้าหลัก

Brief Record : Get Marc (ISO 2709) : E-mail record : QR code < ปิดหน้าต่าง
LEADER : 00000nam 2200000uu 4500
001    13399126214
003     ULIB
008    180726s2017||||th 000 0 tha d
020    ^a9781496353696
060    ^aWY100^bC294H
100    ^aLynda Juall Carpenito.
245    ^aHandbook of Nursing Diagnosis
250    ^a15th ed
260    ^aUnited States :^bWolters Kluwer,^c2017
300    ^a831 pages;^b21 cm
650    ^aNursing Diagnosis
945    ^p0^l0^i26432
999    ^aกัณชพร จุลอักษร
รายการนี้ยังไม่มีแท็ก
คุณยังไม่ได้ล็อกอิน คุณสามารถมีกิจกรรมร่วมกับเว็บไซต์ได้ แต่ต้องล็อกอินก่อน ::
  ล็อกอิน

รายการสื่อสารสนเทศ

ลำดับที่ ประเภท เลขเรียก/บาร์โค้ด สถานที่ สถานะ
1. วิทยาศาสตร์การแพทย์ และสุขภาพ
วิทยาศาสตร์การแพทย์ และสุขภาพ
WY100 C294H ฉ.1 
  Barcode: 26432
ห้องสมุดวิทยาเขตนครสวรรค์
►หนังสือทั่วไป:l:General Books
บนชั้น

รายการใกล้เคียง
    ชื่อเรื่อง [Handbook of Nursing Diagnosis]

    ผู้แต่ง [Lynda Juall Carpenito.]

    หัวเรื่อง [Nursing Diagnosis]

BibComment


ยังไม่เคยถูกคอมเมนท์

คอมเมนท์ทรัพยากรรายการนี้
  คอมเมนท์: Handbook of Nurs..


 Copyright 2026. Bcnsprnw @Library